000
00314nam a2200121Ia 4500
008
220204s9999 xx 000 0 und d
082
_a
658.3(031)
_b
TOR
245
0
_a
Encyclopedia of personnel management
260
_a
Great Britain
_b
Gower
_c
1974
650
_a
Personnel management
700
_a
Derek
942
_c
BK
999
_c
23166
_d
23166